000 00559nam a2200169 i 4500
001 104517
003 ES-MaACL
005 20230906183626.0
007 t|
008 051130s1949 sp ||||1| spa d
100 1 _aMillin, Terence.
_981260
245 1 0 _aCirugía retropúbica urinaria /
_cpor Terence Millin; traducción española del inglés revisada y anotada por Alfonso de la Peña.
260 _aMadrid :
_bSaturnino Calleja,
_c1949.
300 _a245 p. ;
_c25 cm.
700 1 _aPeña, Alfonso de la.
_990203
852 _aES-MaACL
_jE-1442
_bR.29762
999 _c104517
_d104517